000 00733nam a2200253Ia 4500
003 OSt
005 20220926015139.0
006 a|||||r|||| 00| 0
007 ta
008 220923b |||||||| |||| 00| 0 eng d
020 _a0195060547
037 _cGeneral Book
040 _aRTL
_cRTL
_beng
041 _2eng
_aeng
082 _aY592.2.N9, N4
100 _aSmith Brian K
_9141551
245 0 _aClassifying the universe
_b The ancient Indian Varna system and origin of caste
260 _aNew York
_bOxford Press
_c1994
300 _axv,408p
_ccm.
500 _aBibiliogarphy P 350-75
650 _aCaste
_9184358
942 _hY592.2.N9, N4
_cGB
_2CC
999 _c630676
_d630676